Reglamento de régimen interno del Instituto Provincial de Puericultura e Inclusa
Descripción Física:
64 p. ; 19 cm
MARC
| LEADER | 00000nam a2200000Ia 4500 | ||
|---|---|---|---|
| 001 | 20824 | ||
| 003 | BGR | ||
| 005 | 20260410113658.0 | ||
| 008 | 160829s1946 xx 000 0 cat d | ||
| 080 | |a FU-15-56 | ||
| 110 | 1 | |a Instituto Provincial de Puericultura e Inclusa (Madrid) |9 71153 | |
| 245 | |a Reglamento de régimen interno del Instituto Provincial de Puericultura e Inclusa | ||
| 260 | |a Madrid : |b Imprenta Provincial, |c 1946 | ||
| 300 | |a 64 p. ; |c 19 cm | ||
| 590 | |a A la part superior de la portada: Diputación Provincial de Madrid. | ||
| 590 | |a Prové de J-3372, exp. 5 | ||
| 650 | |a Instituto Provincial de Puericultura e Inclusa (Madrid) |x Reglaments i procediment |9 47293 | ||
| 710 | 1 | |a Madrid (Província) |b Diputación |9 71152 | |
| 856 | 4 | |u https://media.diba.cat/diba/fitxers/arxiu/fulletons/bib_20824_baixa.pdf |y Accés lliure | |
| 856 | 4 | |u https://media.diba.cat/diba/fitxers/arxiu/fulletons/bib_20824_baixa.pdf |y Accés lliure | |
| 900 | |a bib_20824_baixa.pdf | ||
| 901 | |a Arxiu | ||
| 942 | |n 1 |2 udc |c MON | ||
| 952 | |0 0 |1 0 |4 0 |6 FU1556 |7 1 |9 53799 |a Arxiu |b Arxiu |d 2016-12-01 |l 0 |o FU-15-56 |p 20824 |r 2016-12-01 00:00:00 |w 2016-12-01 |y ARXIU | ||
| 999 | |c 57665 |d 57665 | ||